000 00384nam a2200133Ia 4500
008 151001s9999||||xx |||||||||||||| ||und||
100 _aविजय तरवडे
245 _aकथा ओ हेनरीच्या
250 _a1
260 _bस्नेहवर्धन प्रकाशन पुणे
260 _c199=6
300 _a83
365 _b21
999 _c972815
_d972812